Сборник задач по курсу "Финансы предприятий и отраслей народного хозяйства" (Запись № 7416370)

Подробности
000 -МАРКЕР
контрольное поле 01591nam1a22002891i 4500
001 - ИДЕНТИФИКАТОР ЗАПИСИ
контрольное поле rc\3706602
005 - ИДЕНТИФИКАТОР ВЕРСИИ
контрольное поле 20260406172208.0
035 ## - ДРУГИЕ СИСТЕМНЫЕ НОМЕРА
Идентификатор записи (NLR Aleph) 007765862
100 ## - ДАННЫЕ ОБЩЕЙ ОБРАБОТКИ
Данные общей обработки 20130115d1970 |||y0rusy50 ca
101 0# - ЯЗЫК РЕСУРСА
Язык текста, звукозаписи и т.д. русский
102 ## - СТРАНА ПУБЛИКАЦИИ ИЛИ ПРОИЗВОДСТВА
Страна публикации Российская Федерация
105 ## - ПОЛЕ КОДИРОВАННЫХ ДАННЫХ: ТЕКСТОВЫЕ МАТЕРИАЛЫ, МОНОГРАФИЧЕСКИЕ
Кодированные данные о монографическом текстовом документе y z |||||
200 1# - ЗАГЛАВИЕ И СВЕДЕНИЯ ОБ ОТВЕТСТВЕННОСТИ
Основное заглавие Сборник задач по курсу "Финансы предприятий и отраслей народного хозяйства"
Первые сведения об ответственности [Общ. ред. Ястребова Н.А.] Разд. 1-
Последующие сведения об ответственности [М-во высш. и сред. спец. образ. РСФСР]. Ленингр. фин.-экон. ин-т им. Н.А. Вознесенского. Кафедра финансов
210 ## - ПУБЛИКАЦИЯ, РАСПРОСТРАНЕНИЕ И ДР.
Место издания, распространения и т.д. Ленинград
Имя издателя, распространителя и т. д. Б. и.
Дата издания, распространения и т.д. 1970
215 ## - ФИЗИЧЕСКАЯ ХАРАКТЕРИСТИКА
Размеры 21
300 ## - ОБЩИЕ ПРИМЕЧАНИЯ
Текст примечания На обороте тит. л. авт.: канд. экон. наук Гуров А.Н., д-р экон. наук Жевтяк П.Н., канд. экон. наук Карасик М.А. [и др.]
532 13 - РАСШИРЕННОЕ ЗАГЛАВИЕ
Заглавие Сборник задач по курсу Финансы предприятий и отраслей народного хозяйства
701 #1 - ИМЯ ЛИЦА - АЛЬТЕРНАТИВНАЯ ОТВЕТСТВЕННОСТЬ
Начальный элемент ввода Жевтяк
Часть имени, кроме начального элемента ввода П.Н.
701 #1 - ИМЯ ЛИЦА - АЛЬТЕРНАТИВНАЯ ОТВЕТСТВЕННОСТЬ
Начальный элемент ввода Карасик
Часть имени, кроме начального элемента ввода М.А.
701 #1 - ИМЯ ЛИЦА - АЛЬТЕРНАТИВНАЯ ОТВЕТСТВЕННОСТЬ
Начальный элемент ввода Гуров
Часть имени, кроме начального элемента ввода А.Н.
702 #1 - ИМЯ ЛИЦА - ВТОРИЧНАЯ ОТВЕТСТВЕННОСТЬ
Начальный элемент ввода Ястребов
Часть имени, кроме начального элемента ввода Н.А.
Код отношения Редактор
712 02 - НАИМЕНОВАНИЕ ОРГАНИЗАЦИИ - ВТОРИЧНАЯ ОТВЕТСТВЕННОСТЬ
Начальный элемент ввода Ленинградский финансово-экономический институт им. Н. А. Вознесенского
Структурное подразделение Кафедра финансов
Идентификатор авторитетной/нормативной записи RU\NLR\AUTH\889939705
Системный номер авторитетной/нормативной записи 374268
801 #0 - ИСТОЧНИК ЗАПИСИ
Страна Российская Федерация
Организация NLR
Правила каталогизации psbo
801 #1 - ИСТОЧНИК ЗАПИСИ
Страна Российская Федерация
Организация ELAR
Источник данных rusmarc
852 ## - МЕСТОНАХОЖДЕНИЕ И ШИФР ХРАНЕНИЯ
Идентификатор организации NLR
Шифр хранения (Call Number) 72-4/8611
942 ## - ДОПОЛНИТЕЛЬНЫЕ ЭЛЕМЕНТЫ ЗАПИСИ (АБИС)
Тип экземпляра АБИС Книга

Нет доступных экземпляров.